000 00312nam a22001337a 4500
008 181009b xxu||||| |||| 00| 0 eng d
020 _a9780077316167
041 _aeng
080 _214th
_a334.7
100 _a55
101 _aMF
245 _aFoundations of Financial Management
_cBlock,S.B
942 _2udc
_cBK
999 _c49189
_d49189